[Event "36th Reykjavik op"]
[Site "Reykjavik ISL"]
[Date "2023.04.02"]
[Round "7.138"]
[White "Heidarsson, Mikael Bjarki"]
[Black "Arndt, Uwe"]
[WhiteElo "1591"]
[BlackElo "1940"]
[Result "1/2-1/2"]
[EventDate "2023.03.29"]
[PlyCount "146"]

1. d4 Nf6 2. c4 e6 3. Nc3 Bb4 4. Qc2 d5 5. cxd5 exd5 6. Nf3 h6 7. Bf4 c6 8. e3 Nbd7
9. Bd3 Nh5 10. Bg3 Nxg3 11. hxg3 Nf6 12. O-O Bd6 13. a3 a5 14. Rab1 O-O 15. b4 Qe7
16. Qb3 Rd8 17. Na4 Ra7 18. Nc5 b6 19. Na4 b5 20. Nc5 a4 21. Qb2 Re8 22. Rbc1 Ne4
23. Bb1 Nxc5 24. dxc5 Bb8 25. Rfe1 f5 26. Rcd1 Qf7 27. Bc2 Rae7 28. Nd4 Qf6 29. Qb1
Rf8 30. f4 Bd7 31. Kf2 g6 32. Rh1 Kg7 33. Rde1 Bc7 34. Qd1 Ree8 35. Qd2 Bd8 36. Bd1
Qf7 37. Bf3 Bf6 38. Re2 Rh8 39. Ree1 h5 40. Rh3 Qe7 41. Rh2 h4 42. gxh4 Bxh4+ 43.
g3 Bf6 44. Reh1 Rxh2+ 45. Rxh2 g5 46. Qd3 gxf4 47. gxf4 Bh4+ 48. Ke2 Qf6 49. Rg2+
Kf8 50. Kd2 Re7 51. Qf1 Rg7 52. Qg1 Rxg2+ 53. Qxg2 Qf7 54. Qh3 Bf6 55. Qh6+ Ke7 56.
Bh5 Qg7 57. Qxg7+ Bxg7 58. Kd3 Bh8 59. Ke2 Kf6 60. Kf2 Kg7 61. Kg3 Kh6 62. Bf7 Bf6
63. Kh3 Kg7 64. Bh5 Be7 65. Kg3 Kf6 66. Kf3 Bf8 67. Kg3 Bg7 68. Kf3 Ke7 69. Bg6 Kf6
70. Bh5 Bf8 71. Kg3 Be7 72. Kh3 Bf8 73. Kg3 Bg7  1/2-1/2

[Event "36th Reykjavik op"]
[Site "Reykjavik ISL"]
[Date "2023.04.02"]
[Round "7.139"]
[White "Schaefer, Kay"]
[Black "Yedid, Lior"]
[WhiteElo "1919"]
[BlackElo "1586"]
[Result "1-0"]
[EventDate "2023.03.29"]
[PlyCount "73"]

1. e4 c5 2. Nc3 Nc6 3. Bb5 Nd4 4. Bc4 e6 5. Nge2 a6 6. Nxd4 cxd4 7. Ne2 b5 8. Bb3
Bb7 9. d3 Bc5 10. O-O Ne7 11. Ng3 O-O 12. f4 f5 13. Kh1 Qb6 14. Bd2 d5 15. exf5 Nxf5
16. Nxf5 exf5 17. Qf3 Qd6 18. h3 Bb6 19. g4 fxg4 20. hxg4 Rf6 21. f5 Raf8 22. Kg2
g6 23. Bg5 Re6 24. Rh1 h5 25. Bf4 Re2+ 26. Qxe2 Qxf4 27. Qf3 Qd2+ 28. Kh3 hxg4+ 29.
Qxg4 Qe3+ 30. Qg3 Qh6+ 31. Kg2 Qd2+ 32. Kh3 Qe3 33. Rae1 Qxg3+ 34. Kxg3 Bc7+ 35.
Kg2 Ba5 36. Re7 Ba8 37. fxg6  1-0

[Event "36th Reykjavik op"]
[Site "Reykjavik ISL"]
[Date "2023.04.02"]
[Round "7.140"]
[White "Shadrina, Eva"]
[Black "Dishman, Matthew"]
[WhiteElo "1563"]
[BlackElo "1896"]
[Result "0-1"]
[EventDate "2023.03.29"]
[PlyCount "82"]

1. e4 c5 2. Nf3 e6 3. d4 cxd4 4. Nxd4 a6 5. Bd3 Nf6 6. c4 Nc6 7. Nxc6 dxc6 8. O-O
e5 9. Nc3 Bc5 10. h3 g5 11. Kh1 g4 12. h4 Nxe4 13. Nxe4 Qxh4+ 14. Kg1 g3 15. Nxg3
Qxg3 16. Qh5 Be6 17. Be2 O-O-O 18. Qh2 Qxh2+ 19. Kxh2 Rhg8 20. g3 f5 21. a3 Rdf8
22. Be3 Bxe3 23. fxe3 Rd8 24. Rad1 Rxd1 25. Rxd1 Rd8 26. Rxd8+ Kxd8 27. b4 c5 28.
Kg2 Kc7 29. Kf3 b6 30. b5 axb5 31. cxb5 Bd5+ 32. Kf2 Kd6 33. Bd1 c4 34. Ke2 Kc5 35.
a4 Be4 36. Kd2 Kb4 37. Kc1 c3 38. Bc2 Bxc2 39. Kxc2 Kxa4 40. Kxc3 Kxb5 41. Kb3 Kc5
 0-1

[Event "36th Reykjavik op"]
[Site "Reykjavik ISL"]
[Date "2023.04.02"]
[Round "7.141"]
[White "Banerjee, Sanjoy K"]
[Black "Cuvelier, Annelies"]
[WhiteElo "1566"]
[BlackElo "1875"]
[Result "0-1"]
[EventDate "2023.03.29"]
[PlyCount "66"]

1. d4 d5 2. c4 e6 3. Nf3 Nf6 4. Nc3 c6 5. e3 Nbd7 6. Be2 Bd6 7. O-O O-O 8. b3 dxc4
9. bxc4 e5 10. Qc2 Re8 11. Bb2 e4 12. Ng5 Qe7 13. c5 Bb8 14. Bc4 Bxh2+ 15. Kh1 Nd5
16. Ncxe4 Bc7 17. f4 h6 18. Rf3 hxg5 19. Nxg5 N7f6 20. g4 Bxg4 21. Rg3 g6 22. Rf1
Kg7 23. Bxd5 cxd5 24. e4 Rh8+ 25. Kg1 Bd7 26. f5 Bxg3 27. e5 Bh2+ 28. Kg2 Bxf5 29.
Rxf5 gxf5 30. Qxf5 Ne4 31. Nxe4 dxe4 32. e6 Rag8 33. exf7 Qxf7  0-1

[Event "36th Reykjavik op"]
[Site "Reykjavik ISL"]
[Date "2023.04.02"]
[Round "7.142"]
[White "Van Meter, Lester"]
[Black "Haberecht, Paul"]
[WhiteElo "1872"]
[BlackElo "1412"]
[Result "1/2-1/2"]
[EventDate "2023.03.29"]
[PlyCount "138"]

1. d4 d5 2. Nf3 Nf6 3. c4 dxc4 4. e3 Bg4 5. Bxc4 e6 6. Nbd2 Nbd7 7. O-O Be7 8. Qc2
O-O 9. Bd3 Bh5 10. Nb3 Bg6 11. e4 Rc8 12. Qe2 c5 13. dxc5 Nxc5 14. Nxc5 Bxc5 15.
Bg5 Be7 16. Ne5 Qd4 17. Nxg6 hxg6 18. Be3 Qa4 19. f3 Bc5 20. Rf2 Bxe3 21. Qxe3 Rfd8
22. Bf1 Qd4 23. Qb3 Rc7 24. g3 Rdc8 25. Rd1 Qc5 26. Kg2 Qe7 27. Rfd2 Rc5 28. Qa4
a6 29. b4 Rc3 30. b5 axb5 31. Qxb5 Qc7 32. Be2 b6 33. a4 Qc6 34. Rd8+ Rxd8 35. Rxd8+
Kh7 36. Qxc6 Rxc6 37. Rd2 Ne8 38. Bb5 Rd6 39. Rc2 Rd8 40. e5 Kg8 41. Bxe8 Rxe8 42.
Rb2 Rb8 43. Rb5 Ra8 44. Rb4 Kf8 45. f4 Ke7 46. Kf3 Ra6 47. Ke3 Kd7 48. Kd3 Kc6 49.
Rc4+ Kd5 50. Rd4+ Kc5 51. Rc4+ Kd5 52. Rc7 Rxa4 53. Rxf7 Ra3+ 54. Kc2 Ra2+ 55. Kb3
Rxh2 56. Rxg7 Rh6 57. Kb4 Ke4 58. Re7 Kf5 59. Kb5 Rh3 60. Rf7+ Ke4 61. Kxb6 Rxg3
62. Kc6 Rd3 63. Rf6 Rd1 64. Kc7 Rf1 65. Rxg6 Rxf4 66. Rxe6 Kd5 67. Re8 Re4 68. e6
Rxe6 69. Rxe6 Kxe6  1/2-1/2

[Event "36th Reykjavik op"]
[Site "Reykjavik ISL"]
[Date "2023.04.02"]
[Round "7.144"]
[White "Carey, Michael"]
[Black "Brynjarsson, Oervar Holm"]
[WhiteElo "1852"]
[BlackElo "1262"]
[Result "1-0"]
[EventDate "2023.03.29"]
[PlyCount "59"]

1. c4 Nf6 2. Nf3 e6 3. e3 b6 4. Nc3 Bb7 5. Qc2 Nc6 6. a3 a5 7. d4 d6 8. e4 e5 9.
d5 Nd4 10. Nxd4 exd4 11. Nb5 Qe7 12. f3 g6 13. Bg5 h6 14. Bh4 g5 15. Bf2 c5 16. dxc6
Bxc6 17. Nxd4 Bd7 18. Bd3 Rc8 19. Qb3 a4 20. Qd1 d5 21. cxd5 Nxd5 22. g3 Bg7 23.
O-O Nf6 24. e5 Nd5 25. Nf5 Bxf5 26. Bxf5 Rd8 27. Qxa4+ Kf8 28. Rad1 Bxe5 29. Rfe1
Kg7 30. Rxe5  1-0

[Event "36th Reykjavik op"]
[Site "Reykjavik ISL"]
[Date "2023.04.02"]
[Round "7.145"]
[White "Acevedo Mendez, Lisseth"]
[Black "Jonsdottir, Katrin Maria"]
[WhiteElo "1816"]
[BlackElo "1071"]
[Result "1-0"]
[EventDate "2023.03.29"]
[PlyCount "71"]

1. d4 d5 2. Bf4 Nf6 3. e3 e6 4. Nf3 c5 5. c3 Nc6 6. Nbd2 Bd6 7. Bg3 O-O 8. Bd3 b6
9. Ne5 Bxe5 10. dxe5 Nd7 11. f4 Bb7 12. Qh5 h6 13. Nf3 c4 14. Bc2 Nc5 15. Bh4 Qd7
16. Rd1 Ba6 17. g4 Nd3+ 18. Bxd3 cxd3 19. g5 hxg5 20. Nxg5 Rfc8 21. Qh7+ Kf8 22.
Qh8+ Ke7 23. Nh7+ f6 24. Qxg7+ Kd8 25. Qxd7+ Kxd7 26. Nxf6+ Kd8 27. Nxd5+ Ke8 28.
Nf6+ Kd8 29. Rg1 Ke7 30. Rg7+ Kf8 31. Rh7 Bb5 32. Bg5 d2+ 33. Rxd2 Rc7 34. Bh6+ Rg7
35. Rxg7 Ne7 36. Rh7#  1-0

[Event "36th Reykjavik op"]
[Site "Reykjavik ISL"]
[Date "2023.04.02"]
[Round "7.147"]
[White "Sigurthorsson, Kristinn J"]
[Black "Abmayr, Annika"]
[WhiteElo "1808"]
[BlackElo "1054"]
[Result "1-0"]
[EventDate "2023.03.29"]
[PlyCount "37"]

1. e4 e5 2. Bc4 Nf6 3. d4 Qe7 4. Nf3 d6 5. O-O Bg4 6. Nc3 exd4 7. Nd5 Nxd5 8. exd5
Qf6 9. Re1+ Be7 10. Bg5 Qxg5 11. Nxg5 Bxd1 12. Raxd1 f6 13. Ne6 Kd7 14. Nxc7 Kxc7
15. Rxe7+ Kc8 16. Rxd4 Rg8 17. Bd3 h6 18. Rc4+ Kd8 19. Rcc7  1-0

[Event "36th Reykjavik op"]
[Site "Reykjavik ISL"]
[Date "2023.04.02"]
[Round "7.152"]
[White "Johansson, Jukka"]
[Black "Saliba, Karl"]
[WhiteElo "2106"]
[BlackElo "1570"]
[Result "1-0"]
[EventDate "2023.03.29"]
[PlyCount "177"]

1. d4 d5 2. c4 e6 3. Nf3 c5 4. cxd5 exd5 5. g3 Nc6 6. Bg2 cxd4 7. Nxd4 Bc5 8. Nxc6
bxc6 9. O-O Bb6 10. Nc3 Nf6 11. b4 O-O 12. Na4 Re8 13. Bb2 Ba6 14. Re1 Ng4 15. Nxb6
Qxb6 16. Bd4 Qxb4 17. e4 Nf6 18. Bxf6 gxf6 19. Qg4+ Kh8 20. Qf5 Qe7 21. Red1 Qe6
22. Qh5 dxe4 23. Bh3 Be2 24. Qh4 f5 25. Re1 Bf3 26. Rac1 Rad8 27. Qf4 Qe5 28. Qe3
f4 29. Qc3 Qxc3 30. Rxc3 fxg3 31. hxg3 Rd1 32. Rxd1 Bxd1 33. Kf1 Bf3 34. Bg2 Bxg2+
35. Kxg2 Kg7 36. g4 Re7 37. Kg3 c5 38. Kf4 Re6 39. Rxc5 Ra6 40. Rc2 Ra4 41. Kf5 h6
42. Rb2 Rc4 43. Rd2 Ra4 44. Rc2 Rb4 45. a3 Ra4 46. Ra2 a5 47. Ra1 Rc4 48. Re1 Rc5+
49. Kxe4 h5 50. gxh5 Rxh5 51. Rd1 a4 52. Rd4 Rh3 53. Rd3 Rh5 54. Rd5 Rh3 55. f3 Rh4+
56. Ke3 Kf6 57. Rb5 Rh8 58. Ra5 Rh4 59. Rb5 Rh8 60. Rb4 Ra8 61. Kf4 Ra6 62. Rb5 Ke6
63. Ke4 Kd6 64. Kd4 Kc6 65. Kc4 f6 66. Kb4 Ra8 67. Rf5 Rb8+ 68. Kxa4 Ra8+ 69. Kb4
Rb8+ 70. Kc4 Ra8 71. Rxf6+ Kd7 72. Kb3 Ke7 73. Rf4 Ke6 74. Rb4 Rf8 75. f4 Rf5 76.
a4 Kd6 77. Rc4 Rf8 78. a5 Ra8 79. Ra4 Kd5 80. a6 Ra7 81. Kc3 Ke6 82. Ra5 Kd6 83.
Kd4 Kc7 84. f5 Kb8 85. Ke5 Ka8 86. f6 Rh7 87. Ke6 Rh1 88. f7 Rh6+ 89. Ke7  1-0

[Event "36th Reykjavik op"]
[Site "Reykjavik ISL"]
[Date "2023.04.02"]
[Round "7.153"]
[White "Westerlind, Sture"]
[Black "Brunier, Jules"]
[WhiteElo "1568"]
[BlackElo "2015"]
[Result "0-1"]
[EventDate "2023.03.29"]
[PlyCount "128"]

1. d4 d5 2. Nf3 Nf6 3. Bf4 e6 4. e3 Bd6 5. Ne5 O-O 6. Nd2 Ne4 7. c3 f6 8. Nxe4 dxe4
9. Nc4 Bxf4 10. exf4 b6 11. Ne3 Qd6 12. g3 Bb7 13. Bg2 Nd7 14. Qc2 f5 15. Rd1 Rad8
16. b3 c5 17. Bf1 Nf6 18. Be2 Nd5 19. Bc4 Qc6 20. Bxd5 exd5 21. O-O Ba6 22. c4 dxc4
23. d5 cxb3 24. Qxb3 Qb5 25. Qc2 Qa5 26. Rfe1 Bd3 27. Qb2 Qa4 28. Qe5 Qd4 29. Qe6+
Kh8 30. Qe7 Qf6 31. Qxa7 Ra8 32. Qc7 Rxa2 33. d6 Qb2 34. Rf1 Bxf1 35. Rxf1 Raa8 36.
Nc4 Qd4 37. Ne3 Qf6 38. Qxb6 Qd4 39. Rd1 Ra1 40. Rxa1 Qxa1+ 41. Kg2 c4 42. Nxc4 Qa8
43. Ne3 Qd8 44. Qd4 Qf6 45. Qc5 Qe6 46. Qd4 Rb8 47. Nc4 Kg8 48. Qc5 Rc8 49. Qe5 Qxe5
50. Nxe5 Rc1 51. Kh3 Rd1 52. d7 Kf8 53. Kg2 Ke7 54. h4 Rd5 55. Kf1 Rxe5 56. fxe5
Kxd7 57. Ke2 Ke6 58. f4 exf3+ 59. Kxf3 Kxe5 60. Ke3 g6 61. Kf3 h6 62. Ke3 g5 63.
Kf3 gxh4 64. gxh4 h5  0-1

[Event "36th Reykjavik op"]
[Site "Reykjavik ISL"]
[Date "2023.04.02"]
[Round "7.154"]
[White "Grubauer, Gerhard"]
[Black "Alashtar, Aasef"]
[WhiteElo "1564"]
[BlackElo "2007"]
[Result "0-1"]
[EventDate "2023.03.29"]
[PlyCount "62"]

1. d4 d5 2. c4 c6 3. Nc3 e6 4. Bf4 Bd6 5. Bxd6 Qxd6 6. e3 f5 7. cxd5 exd5 8. Bd3
Nf6 9. Nf3 Ne4 10. Ne5 Nd7 11. Nxd7 Bxd7 12. f3 Nf6 13. O-O O-O 14. Qc2 g6 15. f4
Rae8 16. Rae1 Re7 17. Rf3 Rfe8 18. Qf2 c5 19. Bb5 cxd4 20. Bxd7 Qxd7 21. Nd1 Ng4
22. Qd2 dxe3 23. Nxe3 d4 24. Nc2 Re4 25. h3 Nf6 26. Rff1 d3 27. Ne3 Qd4 28. Rf3 Nd5
29. Kf2 Rxf4 30. Kf1 Rxf3+ 31. gxf3 Nxe3+  0-1

[Event "36th Reykjavik op"]
[Site "Reykjavik ISL"]
[Date "2023.04.02"]
[Round "7.155"]
[White "Hausken, Andreas Skrede"]
[Black "Kularatnam, Kaushalya"]
[WhiteElo "1987"]
[BlackElo "1563"]
[Result "1-0"]
[EventDate "2023.03.29"]
[PlyCount "99"]

1. e4 c5 2. c3 d5 3. exd5 Qxd5 4. d4 Nc6 5. Nf3 Bg4 6. Nbd2 e6 7. Bc4 Qd8 8. Qb3
Qc7 9. O-O Nf6 10. Bb5 Bd6 11. dxc5 Bxc5 12. Qc4 Bd6 13. h3 Bxf3 14. Nxf3 O-O 15.
Bg5 Ne5 16. Nxe5 Bxe5 17. Rfe1 Qxc4 18. Bxc4 Bc7 19. Rad1 Rad8 20. Be2 Rxd1 21. Rxd1
Rd8 22. Rxd8+ Bxd8 23. Bf3 b6 24. Kf1 h6 25. Bf4 Kf8 26. Ke2 Nd5 27. Bd2 Bg5 28.
Bxg5 hxg5 29. Bxd5 exd5 30. Kd3 Ke7 31. Kd4 Kd6 32. a4 a6 33. c4 dxc4 34. Kxc4 f6
35. b4 g6 36. Kd4 a5 37. bxa5 bxa5 38. Kc4 Kc6 39. g4 Kb6 40. Kd5 Kb7 41. f3 f5 42.
gxf5 gxf5 43. Ke5 Kc6 44. Kxf5 Kc5 45. Kxg5 Kb4 46. h4 Kxa4 47. h5 Kb3 48. h6 a4
49. h7 a3 50. h8=Q  1-0

[Event "36th Reykjavik op"]
[Site "Reykjavik ISL"]
[Date "2023.04.02"]
[Round "7.156"]
[White "Jonatansson, Sigurdur Freyr"]
[Black "Haraldsson, Sigurjon"]
[WhiteElo "1551"]
[BlackElo "1864"]
[Result "0-1"]
[EventDate "2023.03.29"]
[PlyCount "94"]

1. e4 e5 2. Nf3 Nc6 3. Bb5 a6 4. Ba4 Nf6 5. c3 b5 6. Bc2 Be7 7. d4 d6 8. h3 O-O 9.
O-O Bb7 10. Re1 Re8 11. Bg5 h6 12. Bxf6 Bxf6 13. d5 Ne7 14. a4 c5 15. Na3 Qb6 16.
axb5 axb5 17. c4 b4 18. Nb5 Rxa1 19. Qxa1 Ra8 20. Qd1 Bc8 21. Ba4 Bd7 22. b3 Ng6
23. Nd2 Nf4 24. Nf1 Rf8 25. Ne3 g6 26. Ng4 Bg7 27. Kh2 f5 28. exf5 gxf5 29. Ne3 e4
30. f3 Nd3 31. Rf1 Qd8 32. fxe4 fxe4 33. Rxf8+ Qxf8 34. Qf1 Be5+ 35. g3 Qg7 36. Qg2
Ne1 37. Qf2 Nf3+ 38. Kg2 Qg6 39. g4 Qf6 40. Nc7 Bxa4 41. bxa4 Qf4 42. Nf1 Qf7 43.
Ne6 b3 44. Qe3 Nh4+ 45. Kg1 Qf3 46. Qf2 Qxf2+ 47. Kxf2 Nf3  0-1

[Event "36th Reykjavik op"]
[Site "Reykjavik ISL"]
[Date "2023.04.02"]
[Round "7.157"]
[White "De Kleijn, Erwin"]
[Black "Christoffersen, Odd"]
[WhiteElo "1798"]
[BlackElo "1510"]
[Result "1-0"]
[EventDate "2023.03.29"]
[PlyCount "107"]

1. e4 c6 2. Bc4 d5 3. Bb3 e6 4. d4 dxe4 5. c4 Nf6 6. Nc3 Be7 7. Bc2 Nbd7 8. Nxe4
Nxe4 9. Bxe4 Nf6 10. Bc2 c5 11. Nf3 cxd4 12. Nxd4 a6 13. O-O Qc7 14. Qe2 O-O 15.
Be3 b6 16. Rac1 Bb7 17. Rfe1 Rfe8 18. Ba4 Red8 19. a3 h6 20. b4 Rac8 21. Bb3 Bf8
22. g3 e5 23. Nf3 Qc6 24. Kg2 Nh7 25. b5 axb5 26. cxb5 Qf6 27. h4 g5 28. hxg5 hxg5
29. g4 Bxa3 30. Ra1 Bc5 31. Ra7 Rb8 32. Bc2 Bxe3 33. Qxe3 Qf4 34. Be4 Qxg4+ 35. Kf1
Qxe4 36. Qxe4 Bxe4 37. Rxe4 f6 38. Rc4 Rd1+ 39. Ke2 Rb1 40. Rcc7 Nf8 41. Nh2 Rb4
42. Rg7+ Kh8 43. Rgf7 Rf4 44. f3 e4 45. fxe4 Rxe4+ 46. Kf3 Rh4 47. Ng4 Rh7 48. Nxf6
Rxf7 49. Rxf7 Rd8 50. Kg4 Rb8 51. Kh5 Rd8 52. Kh6 Rb8 53. Rg7 Ne6 54. Rh7#  1-0

[Event "36th Reykjavik op"]
[Site "Reykjavik ISL"]
[Date "2023.04.02"]
[Round "7.158"]
[White "Densing, Gerd"]
[Black "Magnusson, Thorsteinn"]
[WhiteElo "1777"]
[BlackElo "1485"]
[Result "1-0"]
[EventDate "2023.03.29"]
[PlyCount "65"]

1. d4 d5 2. Nf3 Nf6 3. e3 Bf5 4. Ne5 e6 5. g4 Bg6 6. h4 h6 7. Nxg6 fxg6 8. Bd3 Bd6
9. Bxg6+ Ke7 10. f4 Nc6 11. Nc3 Kd7 12. Bd2 Ne7 13. Bd3 g5 14. Qe2 gxf4 15. exf4
Rg8 16. g5 hxg5 17. hxg5 Ne8 18. O-O-O c5 19. dxc5 Bxc5 20. Bb5+ Kc8 21. Qxe6+ Kb8
22. f5 a6 23. Bf4+ Ka7 24. Bxe8 Rxe8 25. Rh7 Rc8 26. Nxd5 Nxd5 27. Qxd5 Qb6 28. Qb3
Qc6 29. Qd5 Qb6 30. Rd7 Re2 31. Bd2 Be3 32. Qb3 Qc6 33. Bxe3+  1-0

[Event "36th Reykjavik op"]
[Site "Reykjavik ISL"]
[Date "2023.04.02"]
[Round "7.159"]
[White "Han, Oron"]
[Black "Fischer, Robert James"]
[WhiteElo "1496"]
[BlackElo "1775"]
[Result "1/2-1/2"]
[EventDate "2023.03.29"]
[PlyCount "93"]

1. e4 c6 2. Ne2 d5 3. e5 Bf5 4. Ng3 Bg6 5. h4 h6 6. h5 Bh7 7. e6 fxe6 8. d4 e5 9.
dxe5 e6 10. Bd3 Bxd3 11. Qxd3 Ne7 12. f4 Qa5+ 13. Nd2 Qa6 14. Nf3 Qxd3 15. cxd3 Nd7
16. Nd4 Nc5 17. Ke2 Kd7 18. Bd2 Re8 19. a4 Nc8 20. b4 Na6 21. Rab1 Nc7 22. Rhc1 Be7
23. Kf3 Ref8 24. Nge2 Rhg8 25. g3 Nb6 26. Nc3 Rc8 27. a5 Nba8 28. Na4 Nb5 29. Nxb5
cxb5 30. Nc3 a6 31. Ne2 Nc7 32. Nd4 g5 33. hxg6 Rxg6 34. Rh1 Rcg8 35. Rh3 Ne8 36.
Rc1 Ng7 37. Be1 Nf5 38. Nxf5 exf5 39. Rh2 Rh8 40. Rhc2 Rc6 41. Rxc6 bxc6 42. d4 Rg8
43. Bd2 Rg4 44. Rh1 Bf8 45. Rh5 (45. Be1 Rg6) 45... Ke6 46. Be1 Rg6 47. Rh4  1/2-1/2

[Event "36th Reykjavik op"]
[Site "Reykjavik ISL"]
[Date "2023.04.02"]
[Round "7.160"]
[White "Frost, Niklas"]
[Black "Heller, Stefan"]
[WhiteElo "1774"]
[BlackElo "1451"]
[Result "1-0"]
[EventDate "2023.03.29"]
[PlyCount "105"]

1. d4 e6 2. Bf4 d5 3. e3 Nf6 4. Nf3 Bd6 5. Bg3 O-O 6. Bd3 c5 7. c3 Qc7 8. Nbd2 Nbd7
9. Bxd6 Qxd6 10. O-O c4 11. Bc2 b5 12. e4 dxe4 13. Nxe4 Qc7 14. a4 Nxe4 15. Bxe4
Bb7 16. Bxb7 Qxb7 17. axb5 Qxb5 18. Qa4 a6 19. h4 Nb6 20. Qc2 h6 21. Rfe1 Nd7 22.
Ne5 Rfb8 23. Qa4 Nxe5 24. Qxb5 Nf3+ 25. gxf3 axb5 26. Rxa8 Rxa8 27. Re5 Rb8 28. Rc5
f5 29. Kg2 Kf7 30. f4 Ke7 31. Kf3 Rb7 32. Ke3 Kd6 33. Kd2 Ke7 34. Kc2 Kd6 35. b3
g6 36. bxc4 bxc4 37. Rxc4 Kd5 38. Rc5+ Ke4 39. Re5+ Kxf4 40. Rxe6 Rg7 41. d5 Kf3
42. d6 Kxf2 43. c4 g5 44. hxg5 hxg5 45. c5 g4 46. c6 g3 47. d7 g2 48. d8=Q g1=Q 49.
Qd4+ Kf3 50. Qc3+ Kf4 51. Qe5+ Kf3 52. Qxf5+ Kg3 53. Rg6+  1-0

[Event "36th Reykjavik op"]
[Site "Reykjavik ISL"]
[Date "2023.04.02"]
[Round "7.161"]
[White "Cooper, Malcolm H"]
[Black "Shirov-Michna, Masza"]
[WhiteElo "1763"]
[BlackElo "1349"]
[Result "1-0"]
[EventDate "2023.03.29"]
[PlyCount "87"]

1. d4 d5 2. c4 c6 3. Nf3 Nf6 4. Nc3 Bf5 5. Qb3 b6 6. Bf4 e6 7. e3 Bd6 8. Bxd6 Qxd6
9. Ne5 O-O 10. Be2 Nbd7 11. f4 Ne4 12. Nxe4 Bxe4 13. O-O Nxe5 14. fxe5 Qe7 15. cxd5
cxd5 16. Bd3 Bxd3 17. Qxd3 Qb4 18. b3 h6 19. Rac1 Rac8 20. Rc2 Qa5 21. Rfc1 Rxc2
22. Qxc2 Qa6 23. a4 Qb7 24. b4 Rb8 25. b5 Ra8 26. Qc7 Rb8 27. Kf2 g5 28. Rc6 h5 29.
Kf3 Qxc7 30. Rxc7 Ra8 31. e4 dxe4+ 32. Kxe4 Kf8 33. g3 Kg7 34. Rd7 Kg6 35. d5 a6
36. dxe6 fxe6 37. Re7 axb5 38. Rxe6+ Kf7 39. Rf6+ Ke7 40. axb5 h4 41. Kf5 hxg3 42.
hxg3 Ra3 43. g4 Re3 44. Rxb6  1-0

[Event "36th Reykjavik op"]
[Site "Reykjavik ISL"]
[Date "2023.04.02"]
[Round "7.162"]
[White "Seshadri, Sridhar"]
[Black "Ingason, Sigurdur"]
[WhiteElo "1445"]
[BlackElo "1756"]
[Result "1/2-1/2"]
[EventDate "2023.03.29"]
[PlyCount "81"]

1. c4 e5 2. Nf3 e4 3. Nd4 Nc6 4. e3 Nf6 5. Nc3 Bc5 6. Nxc6 bxc6 7. d4 exd3 8. Bxd3
O-O 9. O-O Re8 10. Qc2 h6 11. a3 a5 12. Ne4 Qe7 13. Nxc5 Qxc5 14. Bd2 Qh5 15. Bc3
Ng4 16. h3 Ne5 17. Be2 Qh4 18. f4 Ng6 19. Bd4 d6 20. c5 d5 21. Rf3 Ne7 22. Kh2 Nf5
23. Qc3 Nxd4 24. Qxd4 Bf5 25. Rg3 f6 26. Bd3 Bxd3 27. Qxd3 Re4 28. Qb3 Rae8 29. Rf1
Qxg3+ 30. Kxg3 Rxe3+ 31. Rf3 Rxb3 32. Rxb3 Re2 33. Rb8+ Kf7 34. Rb7 d4 35. Rxc7+
Ke6 36. Rxc6+ Kd5 37. Rc8 Rxb2 38. c6 Kd6 39. c7 Rb7 40. Ra8 Rxc7 41. Rxa5  1/2-1/2

[Event "36th Reykjavik op"]
[Site "Reykjavik ISL"]
[Date "2023.04.02"]
[Round "7.163"]
[White "Olafsson, Olafur"]
[Black "Beuger, Ronald"]
[WhiteElo "1130"]
[BlackElo "1754"]
[Result "1/2-1/2"]
[EventDate "2023.03.29"]
[PlyCount "52"]

1. d4 Nf6 2. c4 e6 3. Nc3 Bb4 4. Bg5 Be7 5. e3 b6 6. Nf3 Bb7 7. Bd3 Na6 8. a3 c5
9. O-O O-O 10. Re1 Nc7 11. Qe2 d5 12. cxd5 Nfxd5 13. Bxe7 Qxe7 14. Rac1 cxd4 15.
Nxd4 Rfd8 16. Red1 Qg5 17. Nf3 Qh5 18. Nxd5 Nxd5 19. Nd4 Qg5 20. Nf3 Qf6 21. h3 h6
22. Rc2 Rac8 23. Rxc8 Rxc8 24. Ba6 Qe7 25. Bxb7 Qxb7 26. Qd3 Qc7  1/2-1/2

[Event "36th Reykjavik op"]
[Site "Reykjavik ISL"]
[Date "2023.04.02"]
[Round "7.164"]
[White "Hasala, Richard"]
[Black "Samuel, Victor"]
[WhiteElo "1750"]
[BlackElo "1269"]
[Result "1-0"]
[EventDate "2023.03.29"]
[PlyCount "107"]

1. e4 c5 2. Ne2 e6 3. d4 cxd4 4. Nxd4 a6 5. Nc3 g6 6. Be3 Bg7 7. Be2 b5 8. a3 Bb7
9. O-O Ne7 10. f4 Nbc6 11. Rf2 d5 12. e5 Nxd4 13. Bxd4 Rc8 14. Bf1 h5 15. Ne2 Nf5
16. c3 h4 17. a4 Bc6 18. axb5 Bxb5 19. Nc1 Ra8 20. Qb3 Bxf1 21. Rxf1 O-O 22. Nd3
Rb8 23. Qa4 Nxd4 24. cxd4 Qb6 25. Rf2 Ra8 26. Nc5 Qb5 27. Qd1 Rfc8 28. Qd2 a5 29.
Rf3 Bf8 30. Rb3 Qc4 31. Rc1 Rxc5 32. Rxc4 Rxc4 33. Rf3 Bb4 34. Qe2 Rac8 35. Rf1 Rxd4
36. Qg4 Rd2 37. Qxh4 Rcc2 38. Qh3 Bc5+ 39. Kh1 Rxg2 40. Qxg2 Rxg2 41. Kxg2 Bb4 42.
Kg3 f6 43. Rc1 fxe5 44. fxe5 g5 45. Rc2 Kf7 46. Kg4 Kg6 47. Rc6 d4 48. Rxe6+ Kf7
49. Rf6+ Kg7 50. Rf3 Kg6 51. Kg3 Bd2 52. e6 Bf4+ 53. Rxf4 gxf4+ 54. Kxf4  1-0

[Event "36th Reykjavik op"]
[Site "Reykjavik ISL"]
[Date "2023.04.02"]
[Round "7.166"]
[White "de Winter, Eric"]
[Black "Hagen, Andreas Skytte"]
[WhiteElo "1687"]
[BlackElo "1244"]
[Result "0-1"]
[EventDate "2023.03.29"]
[PlyCount "50"]

1. Nf3 d5 2. d4 Bf5 3. e3 e6 4. c4 Nf6 5. Nc3 Bb4 6. a3 Bxc3+ 7. bxc3 O-O 8. Be2
Ne4 9. Bb2 Nd7 10. cxd5 exd5 11. Rc1 Ndf6 12. Ne5 c6 13. g4 Nxg4 14. Bxg4 Qh4 15.
Qe2 Bxg4 16. Nxg4 f5 17. Ne5 f4 18. Nf3 Qh3 19. Nd2 fxe3 20. Nxe4 exf2+ 21. Kd2 Rae8
22. Qf1 Qh6+ 23. Kc2 dxe4 24. Rd1 e3 25. Bc1 Qg6+  0-1

[Event "36th Reykjavik op"]
[Site "Reykjavik ISL"]
[Date "2023.04.02"]
[Round "7.167"]
[White "Hald, Morten Hansen"]
[Black "B. Berglindardottir, Emilia Embla"]
[WhiteElo "1687"]
[BlackElo "1112"]
[Result "0-1"]
[EventDate "2023.03.29"]
[PlyCount "54"]

1. Nc3 d6 2. d4 g6 3. Nf3 Nf6 4. e4 Bg7 5. Bc4 O-O 6. h3 Nfd7 7. Bf4 e5 8. dxe5 Nxe5
9. Bb3 Nxf3+ 10. Qxf3 Be6 11. O-O Nc6 12. Qe3 Nd4 13. Bh6 Qf6 14. Bg5 Qe5 15. f4
Qc5 16. Kh1 Nxb3 17. f5 Qxe3 18. Bxe3 Nxa1 19. fxe6 Nxc2 20. e7 Rfe8 21. Bg5 h6 22.
Bf6 Bxf6 23. Rxf6 Rxe7 24. Rf2 Nb4 25. a3 Nd3 26. Rd2 Nc5 27. Nd5 Re5  0-1

[Event "36th Reykjavik op"]
[Site "Reykjavik ISL"]
[Date "2023.04.02"]
[Round "7.175"]
[White "Surace, Christopher"]
[Black "Morris, Simon"]
[WhiteElo "1413"]
[BlackElo "1648"]
[Result "0-1"]
[EventDate "2023.03.29"]
[PlyCount "62"]

1. c4 c6 2. g3 d5 3. Bg2 Nf6 4. Nf3 dxc4 5. Na3 b5 6. Ne5 a6 7. Nxc6 Qb6 8. Ne5 Bb7
9. Bxb7 Qxb7 10. O-O e6 11. b3 cxb3 12. Qxb3 Be7 13. Bb2 O-O 14. Rac1 Nbd7 15. Rc2
Nxe5 16. Bxe5 Bxa3 17. Bxf6 Be7 18. Bxe7 Qxe7 19. Rfc1 Qd7 20. Qc3 g6 21. Qc7 Rfd8
22. d3 a5 23. Qb6 Qd5 24. Rc5 Qxa2 25. Qxb5 a4 26. R5c2 Qb3 27. Qxb3 axb3 28. Rc3
Rdb8 29. Rb1 b2 30. Rc2 Ra1 31. Rc8+ Rxc8  0-1